| 000 | 00697nam a2200229Ia 4500 | ||
|---|---|---|---|
| 005 | 20240315103826.0 | ||
| 008 | 131103s9999 xx 000 0 und d | ||
| 020 | _a0 7100 7291 0 | ||
| 040 | _aLoreto College | ||
| 041 | _aEnglish | ||
| 082 |
_a372.216 _bWHI |
||
| 100 | _aWhitbread, Nanette | ||
| 245 | 4 |
_aThe Evoluton of the Nursery - Infant School, _b _cNanette Whitbread |
|
| 250 | _aA history of infant and nursery education in Britain 1800 - 1970 | ||
| 260 |
_aLondon _bRoutledge & Kegan _c1972 |
||
| 300 | _axiii,146p. | ||
| 440 | _aStudents library education | ||
| 650 | _aNursery education | ||
| 651 | _aEngland - Elementery education | ||
| 850 | _aLCLIB | ||
| 942 | _cBK | ||
| 999 |
_c23477 _d73956 |
||